00882nab a2200241uuc4500001000800000005001700008008004100025035001200066035002100078040001300099041000800112100005300120245012000173260001000293650004200303650003100345650002800376650003400404700004700438773012600485942001000611999001900621100626720240201204642.0061122s2006 spa  a1006267 a(OCoLC)820135675 ccomduadb aspa10aVásquez Velásquez, Johanna4auteaut927561313aEl problema de seleccion adversa en el seguro de salud colombiano : un estudio de caso para el regimen contributivo c2006. aEconomía de la información955243 aSelección adversa966276 aSeguros de salud990803 aRégimen contributivo96673410aGómez Portilla, Karoll4auteaut93634440 tRevista Gerencia y Políticas de Salud (Bogotá)gVolumen 05, Número 10, Julio 2006, 72-93w733227x1657-70270229887 cARIMP c403883d403883